000 00331 a2200145 4500
001 62053
020 _a3406317618
040 _cAnchieta - Pituba
240 1 0 _aDeutsches Museum
_lpor
245 1 0 _aDeutsches Museum
300 _a287
362 0 _a1988
650 4 _aLínguas germânicas (teutônicas) língua alemã
942 _cBK
999 _c62053
_d62053